| 000 | 01141nam a22002177a 4500 | ||
|---|---|---|---|
| 999 |
_c189122 _d189122 |
||
| 005 | 20220620151057.0 | ||
| 010 | _aENG-133274-75 | ||
| 020 |
_a9788178243160 _c1850.00 (2 set) |
||
| 035 | _aEN-116806-07 | ||
| 037 | _bDBAD/PUB | ||
| 082 | _a304.20954 | ||
| 245 |
_aIndia's Environmental History: _bFrom Ancient Times to the Colonial Period/ _cEdited By Mahesh Rangarajan & K. Sivaramakrishnan |
||
| 260 |
_aRanikhet _bPermanent Black _c2012 |
||
| 270 |
_a'Himalayana', Mall Road, Ranikhet Cantt _bRanikhet _e263645 _mperblack@gmail.com |
||
| 300 |
_a464 p. V1, 614 p. V2 _c22cm(hbk) _bReferences, Literature |
||
| 500 | _aVolume 1 to 2 | ||
| 505 | _aVol. 1 1. Ecology and Archaeology 2. Literary Imageries and States of Nature 3.Animals, Places and Polities 4. The Company State and India's Environments Vol. 2 1.Agrarian Change/ Forest Transformations 2. Environment, Identity, and Power 3.Animals, Poetics, and Politics 4. Environment, Dearth, and Development 5. Contested Landscapes of Development. | ||
| 700 | _aRangarajan, Mahesh | ||
| 700 | _aSivaramakrishanan, K. | ||
| 942 |
_2ddc _cEN _h304.20954 _mIND |
||